000 00860nam a2200229Ia 4500
999 _c34539
_d34539
001 294
003 GE_BSU
005 20200131110252.0
008 181216s2005||||ge |||||||||||||| ||geo||
020 _a9992893672
040 _cGE_BSU
041 _ageo
080 _a33(075.3) ა-87
100 _aასათიანი, როზეტა
_96561
245 _aეკონომიკა :
_bსახელმძღვანელო. 6 კლასი /
_cროზეტა ასათიანი.
264 _aთბილისი :
_bსიახლე,
_c2005.
300 _a118 გვ.
_b19 სმ.
653 _aეკონომიკა
653 _aსახელმძღვანელო
856 _uhttp://dspace.nplg.gov.ge/bitstream/1234/15715/1/Ekonomika_VI_Klasiss.pdf
_yელ. ვერსია, pdf
942 _cBK
_2udc